Memòria 2000 / Cercle d'Amics dels Parcs Naturals
Descripción Física:
[ca. 200] p. ; 30 cm
MARC
| LEADER | 00000nam a2200000Ia 4500 | ||
|---|---|---|---|
| 001 | 15990 | ||
| 008 | 160829s9999 xx 000 0 cat d | ||
| 080 | |a C-2-328 | ||
| 110 | 2 | |a Cercle d'Amics dels Parcs Naturals (Barcelona, Catalunya) |9 54519 | |
| 245 | |a Memòria 2000 / Cercle d'Amics dels Parcs Naturals | ||
| 260 | |a [Barcelona] : |b Diputació de Barcelona, Cercle d'Amics dels Parcs Naturals, [2001] | ||
| 300 | |a [ca. 200] p. ; |c 30 cm | ||
| 610 | 2 | 0 | |a Cercle d'Amics dels Parcs Naturals (Barcelona, Catalunya) |v Revistes |9 54520 |
| 901 | |a Arxiu | ||
| 942 | |n 1 | ||
| 952 | |0 0 |1 0 |4 0 |6 C2328 |7 1 |9 47752 |a Arxiu |b Arxiu |d 2016-12-01 |l 0 |o C-2-328 |p 15990 |r 2016-12-01 00:00:00 |w 2016-12-01 |y ARXIU | ||
| 999 | |c 51551 |d 51551 | ||